000 00418nam a2200169Ia 4500
003 LK-CoDNM
005 20230923100312.0
008 010623t1924 xxu||||| |||| 00| 1 eng d
040 _aLK-CoDNM
_dLK-CoDNM
_eLK-CoDNM
041 _aeng
080 _a12 R2
100 _aGuhn,Hugh.
245 _aMakers of the Empire
260 _bW.Collins Sons Co
_aLondon
_c1924
300 _bxx,326p,ill,maps., 22 cm
942 _cBK
999 _c92117
_d92117